Elkészült az új hangversenyévad programja
Elmentve itt :
| Dokumentumtípus: | Cikk |
|---|---|
| Megjelent: |
1967-06-11
|
| Sorozat: | Délmagyarország
57 No. 136 |
| Kulcsszavak: | Filharmónia Szeged műsorterv 1967-1968, zeneélet 1962-1979 |
| Online Access: | http://dmarchiv.bibl.u-szeged.hu/76772 |
| LEADER | 00462nab a2200145 i 4500 | ||
|---|---|---|---|
| 001 | delm76772 | ||
| 005 | 20180928084323.0 | ||
| 008 | 180928s1967 hu o 0|| hun d | ||
| 040 | |a SZTE Délmagyarország Archívum |b hun | ||
| 041 | |a hun | ||
| 245 | 0 | 0 | |a Elkészült az új hangversenyévad programja |h [elektronikus dokumentum] |
| 260 | |c 1967-06-11 | ||
| 300 | |a 9 | ||
| 490 | 0 | |a Délmagyarország |v 57 No. 136 | |
| 695 | |a Filharmónia Szeged műsorterv 1967-1968, zeneélet 1962-1979 | ||